00516nam a22001457a 4500003000500000038001800005082000800023100002300031245010400054264003700158300001200195650007200207700003400279856005700313NUST aNusrat Nadeem a200 aChauhdary, Rimsha  aTowards Mimicking The Network Traffic Streams Using Machine Learning Techniques /cRimsha Chauhdary aIslamabad :bSEECS, NUST,c2022. a45 p. ; aMS-Electrical Engineering (Telecommunication and Computer Networks) aSupervisor: Dr. Syed Taha Ali uhttp://10.250.8.41:8080/xmlui/handle/123456789/29990